[Event "7. Lovsprings EMT Basis 1 1995"]
[Site "Ringsted"]
[Date "1995.03.17"]
[Round "2"]
[White "Alstrup, Thomas"]
[Black "Kronow, Jacob"]
[Result "1-0"]
[WhiteElo "1711"]
[BlackElo "1752"]
[PlyCount "141"]
[EventDate "1995.??.??"]

1. g3 Nf6 2. Bg2 g6 3. b3 Bg7 4. Bb2 O-O 5. Nf3 c6 6. c4 d5 7. O-O Re8 8. d3
Nbd7 9. Nbd2 e5 10. e3 Nh5 11. Qc2 f5 12. Rac1 Nf8 13. Rfd1 e4 14. dxe4 fxe4
15. Ne1 Bg4 16. Nxe4 Bxd1 17. Rxd1 Bxb2 18. Qxb2 Qe7 19. cxd5 cxd5 20. Rxd5 Qg7
21. Qd2 Re7 22. Nc2 Nd7 23. Nd6 Nhf6 24. Rd4 Ne5 25. Nxb7 Rf8 26. Nc5 Neg4 27.
Bh3 Nxf2 28. Qxf2 Ne4 29. Qg2 Rf2 30. Rd8+ Kf7 31. Be6+ Rxe6 32. Rd7+ Ke8 33.
Rxg7 Rxg2+ 34. Kxg2 Nxc5 35. Rxa7 h5 36. Kf3 Rf6+ 37. Ke2 Ne4 38. Nd4 Rf2+ 39.
Kd3 Nc5+ 40. Kc4 Nd7 41. a4 Rxh2 42. a5 Rg2 43. Ra8+ Ke7 44. Rg8 Rxg3 45. Nf5+
Kf7 46. Nxg3 Kxg8 47. a6 Kf7 48. a7 h4 49. Nf1 Nb6+ 50. Kb5 Na8 51. Kc6 g5 52.
Kb7 g4 53. Kxa8 g3 54. Nxg3 hxg3 55. Kb8 g2 56. a8=Q g1=Q 57. Qf3+ Ke6 58. b4
Qg8+ 59. Ka7 Qg7+ 60. Qb7 Qg1 61. b5 Kf5 62. Qf7+ Ke4 63. Qf4+ Kd3 64. Qd4+ Kc2
65. b6 Qg8 66. Qc5+ Kd3 67. b7 Qa2+ 68. Kb6 Qe6+ 69. Qc6 Qxe3+ 70. Kc7 Qf4+ 71.
Qd6+ 1-0

[Event "7. Lovsprings EMT Basis 1 1995"]
[Site "Ringsted"]
[Date "1995.03.17"]
[Round "2"]
[White "Askgaard, Jens"]
[Black "Olsen, Morten Henrik"]
[Result "1-0"]
[WhiteElo "1885"]
[BlackElo "1749"]
[PlyCount "49"]
[EventDate "1995.??.??"]

1. d4 Nf6 2. c4 e6 3. g3 d5 4. Bg2 c5 5. cxd5 exd5 6. Nf3 Nc6 7. O-O Bf5 8. Nc3
c4 9. Ne5 Be7 10. Qa4 Rc8 11. Nxc6 bxc6 12. Bg5 Qd7 13. e4 dxe4 14. Nxe4 Nxe4
15. Bxe7 Kxe7 16. Bxe4 Bxe4 17. Rfe1 f5 18. f3 Qxd4+ 19. Kh1 Rhe8 20. fxe4 fxe4
21. Rad1 Qe5 22. Qxc4 Kf6 23. Rf1+ Kg6 24. Qf7+ Kh6 25. Rf5 1-0

[Event "7. Lovsprings EMT Basis 1 1995"]
[Site "Ringsted"]
[Date "1995.03.17"]
[Round "2"]
[White "Birk, Birger"]
[Black "Sorensen, Rasmus Moller"]
[Result "1-0"]
[WhiteElo "1717"]
[BlackElo "1738"]
[PlyCount "81"]
[EventDate "1995.??.??"]

1. d4 f5 2. c4 Nf6 3. Nc3 e6 4. Nf3 Bb4 5. g3 Bxc3+ 6. bxc3 b6 7. Bg2 Bb7 8.
O-O d6 9. Re1 Ne4 10. Qc2 Nd7 11. Ba3 O-O 12. Rad1 Kh8 13. Nh4 g5 14. Nf3 Rb8
15. c5 bxc5 16. dxc5 Ndxc5 17. c4 Qe7 18. Nd4 Nd7 19. f3 Nec5 20. Bb2 Nf6 21.
e4 f4 22. e5 dxe5 23. Rxe5 Ncd7 24. Rxe6 Qf7 25. c5 Bd5 26. Re2 fxg3 27. hxg3
c6 28. Nf5 Be6 29. Nd6 Qg8 30. Rde1 Bd5 31. Re7 Nxc5 32. Bxf6+ Rxf6 33. Qxc5
Rd8 34. Ne8 Qg6 35. Nxf6 Qxf6 36. Re8+ Rxe8 37. Rxe8+ Bg8 38. Rc8 g4 39. f4
Qa1+ 40. Kh2 Qf6 41. Qe5 1-0

[Event "7. Lovsprings EMT Basis 1 1995"]
[Site "Ringsted"]
[Date "1995.03.17"]
[Round "2"]
[White "Hansen, Morten Lyck"]
[Black "Jorgensen, Lars"]
[Result "1/2-1/2"]
[WhiteElo "1784"]
[BlackElo "1789"]
[PlyCount "138"]
[EventDate "1995.??.??"]

1. e4 c6 2. d4 d5 3. exd5 cxd5 4. c4 Nf6 5. Nc3 Nc6 6. Nf3 Bg4 7. cxd5 Nxd5 8.
Be2 e6 9. O-O Be7 10. Re1 O-O 11. a3 Bf6 12. Be3 Rc8 13. Rc1 a6 14. h3 Bh5 15.
Nxd5 Qxd5 16. Rc5 Bxf3 17. Rxd5 Bxd5 18. Bd3 Rfd8 19. Qh5 g6 20. Qg4 Bb3 21.
Be4 Bg7 22. Qg3 Bc4 23. Rc1 Bb5 24. Rd1 e5 25. d5 f5 26. Bg5 fxe4 27. Bxd8 Rxd8
28. Qg4 Nd4 29. Qxe4 Bc4 30. Qh4 Rxd5 31. Kh2 b5 32. Rc1 Nf5 33. Qe4 Rd8 34. b3
Bd5 35. Qb4 e4 36. Rd1 Be5+ 37. Kg1 Bc7 38. g4 Nh4 39. Qe7 Nf3+ 40. Kg2 Nh4+
41. Qxh4 e3+ 42. Rxd5 Rxd5 43. fxe3 Rd2+ 44. Kf3 Bd8 45. Qg3 Bg5 46. h4 Be7 47.
a4 Rd3 48. Qe5 Bxh4 49. axb5 axb5 50. Qxb5 Rd8 51. Qc4+ Kg7 52. b4 Rf8+ 53. Ke4
Bf2 54. Qd4+ Kh6 55. b5 Re8+ 56. Kd3 Bh4 57. Qc5 Rd8+ 58. Kc4 Bg3 59. b6 Rd1
60. Qf8+ Kg5 61. Qf3 Rc1+ 62. Kd3 Kh4 63. b7 Rb1 64. Qf7 Kxg4 65. Qxh7 g5 66.
e4 Kf3 67. Qf5+ Bf4 68. Qh3+ Kf2 69. Qc8 Kf3 1/2-1/2

[Event "7. Lovsprings EMT Basis 1 1995"]
[Site "Ringsted"]
[Date "1995.03.17"]
[Round "2"]
[White "Holst, Peter Stein"]
[Black "Jensen, Agner"]
[Result "1/2-1/2"]
[WhiteElo "1806"]
[BlackElo "1706"]
[PlyCount "125"]
[EventDate "1995.??.??"]

1. e4 c6 2. d4 d5 3. Nc3 dxe4 4. Nxe4 Nf6 5. Nxf6+ exf6 6. c3 Bd6 7. Bd3 O-O 8.
Qc2 Re8+ 9. Ne2 g6 10. Be3 Be6 11. O-O-O Nd7 12. Kb1 Qa5 13. c4 b5 14. Nc1 bxc4
15. Bxc4 Bxc4 16. Qxc4 Qb5 17. Qxb5 cxb5 18. Nb3 Rac8 19. g3 a6 20. Rc1 Nb6 21.
Rxc8 Rxc8 22. Nc5 a5 23. Nb7 Be7 24. Nxa5 Nd5 25. Rc1 Rf8 26. Bd2 f5 27. Re1
Rc8 28. Nb3 Bf6 29. Rc1 Rc4 30. Be3 g5 31. Rxc4 bxc4 32. Na5 f4 33. Nxc4 fxe3
34. fxe3 Nxe3 35. Nxe3 Bxd4 36. Nf5 Bg1 37. h3 Kf8 38. b4 Ke8 39. Kc2 Kd7 40.
Kd3 h5 41. g4 h4 42. a4 Kc7 43. Kc4 Bf2 44. a5 Be1 45. Kb5 Kb8 46. Ka4 Ka7 47.
Kb5 f6 48. Ka4 Bc3 49. b5 Be1 50. Ne7 Bf2 51. b6+ Ka6 52. Kb4 Be1+ 53. Kc5 Bxa5
54. Kd5 Kxb6 55. Ke6 Kc5 56. Ng8 Kd4 57. Nxf6 Ke3 58. Kf5 Kf3 59. Kxg5 Kg3 60.
Kf5 Kxh3 61. g5 Bd2 62. g6 Bh6 63. Ng4 1/2-1/2

[Event "7. Lovsprings EMT Basis 1 1995"]
[Site "Ringsted"]
[Date "1995.03.17"]
[Round "2"]
[White "Jensen, Karsten"]
[Black "Hansen, Jens Hjort"]
[Result "1/2-1/2"]
[WhiteElo "1792"]
[BlackElo "1844"]
[PlyCount "55"]
[EventDate "1995.??.??"]

1. d4 Nf6 2. c4 g6 3. Nc3 d5 4. Bf4 c6 5. e3 Bg7 6. Qb3 O-O 7. Be5 Nbd7 8. Bg3
dxc4 9. Bxc4 e5 10. dxe5 Nc5 11. Qb4 Nfd7 12. a4 Re8 13. Nf3 Bf8 14. O-O a5 15.
Qa3 Nb6 16. Qa2 Nxc4 17. Qxc4 Be6 18. Qe2 Qb6 19. Nd4 Rad8 20. f4 Bd5 21. Nxd5
Rxd5 22. f5 Nb3 23. Nxb3 Qxb3 24. fxg6 hxg6 25. e4 Rd3 26. Rf3 Red8 27. Raf1
Rxf3 28. Qxf3 1/2-1/2

[Event "7. Lovsprings EMT Basis 1 1995"]
[Site "Ringsted"]
[Date "1995.03.17"]
[Round "2"]
[White "Jorgensen, Gert"]
[Black "Larsen, Bjorn"]
[Result "0-1"]
[WhiteElo "1866"]
[BlackElo "1881"]
[PlyCount "76"]
[EventDate "1995.??.??"]

1. d4 Nf6 2. c4 c5 3. dxc5 Na6 4. Nf3 Nxc5 5. g3 g6 6. Bg2 Bg7 7. O-O O-O 8.
Nc3 d6 9. b4 Nfe4 10. Nxe4 Nxe4 11. Nd4 Nc3 12. Qd3 Bxd4 13. Bb2 Nxe2+ 14. Qxe2
Bxb2 15. Qxb2 Qc7 16. Rac1 Be6 17. c5 dxc5 18. Rxc5 Qd7 19. Qe2 Rfd8 20. Re1
Rac8 21. Re5 Rc3 22. h4 Ra3 23. h5 Rxa2 24. Qe3 Ra6 25. hxg6 hxg6 26. Qg5 Kg7
27. Be4 Qd2 28. Bxb7 Qxg5 29. Rxg5 Rb6 30. Bh1 f5 31. b5 Kf6 32. f4 Rxb5 33. g4
Rb4 34. Rxe6+ Kxe6 35. Rxg6+ Kf7 36. gxf5 Rxf4 37. Rg5 Rd1+ 38. Kg2 Rff1 0-1

[Event "7. Lovsprings EMT Basis 1 1995"]
[Site "Ringsted"]
[Date "1995.03.17"]
[Round "2"]
[White "Lindskov, Villy"]
[Black "Rasmussen, Henning"]
[Result "1/2-1/2"]
[WhiteElo "1760"]
[BlackElo "1765"]
[PlyCount "43"]
[EventDate "1995.??.??"]

1. e4 d5 2. exd5 Qxd5 3. Nc3 Qa5 4. d4 Nf6 5. Nf3 Bf5 6. Bc4 e6 7. Bd2 c6 8.
Ne5 Bb4 9. Qe2 Bxc3 10. Bxc3 Qc7 11. f3 h5 12. O-O-O Nd5 13. Bd2 Nd7 14. Nxd7
Qxd7 15. Bd3 Bxd3 16. Qxd3 O-O-O 17. c4 Nc7 18. Bf4 f6 19. Qa3 Qf7 20. Bxc7
Kxc7 21. Rhe1 Kb8 22. Qc3 1/2-1/2

[Event "7. Lovsprings EMT Basis 1 1995"]
[Site "Ringsted"]
[Date "1995.03.24"]
[Round "3"]
[White "Askgaard, Jens"]
[Black "Jensen, Karsten"]
[Result "1-0"]
[WhiteElo "1885"]
[BlackElo "1792"]
[PlyCount "113"]
[EventDate "1995.??.??"]

1. d4 Nf6 2. c4 g6 3. f3 Bg7 4. e4 d6 5. Be3 O-O 6. Bd3 Nc6 7. Ne2 Nb4 8. Nbc3
Nxd3+ 9. Qxd3 Nd7 10. h4 c5 11. h5 cxd4 12. Bxd4 Ne5 13. Bxe5 Bxe5 14. Qd2 Bg7
15. hxg6 fxg6 16. Qg5 e5 17. Qg3 Be6 18. Nd5 Bxd5 19. cxd5 Qa5+ 20. Nc3 Rac8
21. Qh3 Rxc3 22. bxc3 Qxc3+ 23. Kf2 Qd2+ 24. Kg1 Qe3+ 25. Kh2 Qf4+ 26. Qg3 Qh6+
27. Kg1 Qe3+ 28. Qf2 Bh6 29. Qxe3 Bxe3+ 30. Kh2 b6 31. Rhe1 Bc5 32. Rec1 Rf7
33. Rc3 Kg7 34. Rac1 g5 35. g4 Rc7 36. Kg2 Kg6 37. Kf1 Rf7 38. Ke2 Rf6 39. Rh1
Rf7 40. Rh3 h6 41. Kd3 Rc7 42. Kc2 Rf7 43. Kb3 Rc7 44. Ka4 a6 45. Kb3 Rc8 46.
Kc2 Rc7 47. Kd3 Rc8 48. Rh1 Rc7 49. Rb1 Rf7 50. Ke2 Rf6 51. Rc4 Rf7 52. Rxc5
dxc5 53. Rxb6+ Rf6 54. Rxf6+ Kxf6 55. Kd3 Ke7 56. Kc4 Kd6 57. a3 1-0

[Event "7. Lovsprings EMT Basis 1 1995"]
[Site "Ringsted"]
[Date "1995.03.24"]
[Round "3"]
[White "Bruun, Erling"]
[Black "Birk, Birger"]
[Result "1-0"]
[WhiteElo "1859"]
[BlackElo "1717"]
[PlyCount "71"]
[EventDate "1995.??.??"]

1. e4 c6 2. d4 d5 3. exd5 cxd5 4. Bd3 Nc6 5. c3 Nf6 6. Bf4 e6 7. Nf3 Ne7 8. Ne5
Ng6 9. Bg3 Be7 10. f4 O-O 11. Nd2 Bd7 12. Qe2 a6 13. O-O Re8 14. Ndf3 Nh5 15.
Nxd7 Qxd7 16. Ne5 Nxg3 17. hxg3 Nxe5 18. fxe5 g6 19. Rf3 Bf8 20. Raf1 Re7 21.
g4 Bg7 22. Rh3 Rf8 23. g5 Qd8 24. Qg4 Rc7 25. Qh4 h6 26. Rf6 Kh7 27. Qh5 Rh8
28. Rxg6 fxg6 29. Qxg6+ Kg8 30. Qxe6+ Rf7 31. g6 Qd7 32. gxf7+ Qxf7 33. Qc8+
Qf8 34. Qxb7 h5 35. Rf3 Qd8 36. Qf7# 1-0

[Event "7. Lovsprings EMT Basis 1 1995"]
[Site "Ringsted"]
[Date "1995.03.24"]
[Round "3"]
[White "Hansen, Morten Lyck"]
[Black "Holst, Peter Stein"]
[Result "1/2-1/2"]
[WhiteElo "1784"]
[BlackElo "1806"]
[PlyCount "28"]
[EventDate "1995.??.??"]

1. e4 d5 2. exd5 Qxd5 3. Nc3 Qa5 4. d4 Nf6 5. Nf3 Bf5 6. Bc4 c6 7. Bd2 e6 8.
Bb3 Bb4 9. a3 Bxc3 10. Bxc3 Qc7 11. O-O h6 12. Re1 O-O 13. Qe2 Nbd7 14. Ne5
Nxe5 1/2-1/2

[Event "7. Lovsprings EMT Basis 1 1995"]
[Site "Ringsted"]
[Date "1995.03.24"]
[Round "3"]
[White "Jensen, Agner"]
[Black "Jorgensen, Lars"]
[Result "1/2-1/2"]
[WhiteElo "1706"]
[BlackElo "1789"]
[PlyCount "136"]
[EventDate "1995.??.??"]

1. e4 c5 2. d4 cxd4 3. c3 dxc3 4. Nxc3 Nc6 5. Nf3 e6 6. Bc4 Qc7 7. O-O Nf6 8.
Qe2 Ng4 9. h3 Nd4 10. hxg4 Nxe2+ 11. Bxe2 Be7 12. Nb5 Qb8 13. Be3 O-O 14. Rac1
b6 15. Nc7 Bb7 16. Nxa8 Bxa8 17. Nd2 Qe5 18. Rc2 Bxe4 19. Nxe4 Qxe4 20. Rfc1
Qe5 21. Rd1 d5 22. Bd4 Qe4 23. Bd3 Qxg4 24. f3 Qf4 25. Bf1 e5 26. Bf2 d4 27.
Bd3 f5 28. Bc4+ Kh8 29. Bd5 Rd8 30. g3 Qg5 31. Bb7 h5 32. Kg2 Bc5 33. Re2 Qe7
34. Ba6 g6 35. Bd3 Kg7 36. Rde1 Qg5 37. a3 Bd6 38. Rh1 Rf8 39. Kf1 Qf6 40. Kg2
Rh8 41. Rg1 Qg5 42. f4 Qf6 43. Rge1 e4 44. Bxe4 fxe4 45. Rxe4 Bc5 46. b4 Qc6
47. Kg1 Rd8 48. bxc5 bxc5 49. Re7+ Kf6 50. g4 g5 51. f5 hxg4 52. R1e6+ Qxe6 53.
Rxe6+ Kxf5 54. Rc6 Rd5 55. Kf1 Ke4 56. Ke2 d3+ 57. Kd2 Kf3 58. Bxc5 g3 59. Rf6+
Kg2 60. Bxa7 Ra5 61. Be3 Rxa3 62. Rf5 g4 63. Rf6 Ra2+ 64. Kxd3 Rf2 65. Bxf2
gxf2 66. Ke2 g3 67. Rf7 Kg1 68. Rf8 Kg2 1/2-1/2

[Event "7. Lovsprings EMT Basis 1 1995"]
[Site "Ringsted"]
[Date "1995.03.24"]
[Round "3"]
[White "Larsen, Bjorn"]
[Black "Hansen, Jens Hjort"]
[Result "1-0"]
[WhiteElo "1881"]
[BlackElo "1844"]
[PlyCount "47"]
[EventDate "1995.??.??"]

1. d4 Nf6 2. Bg5 Ne4 3. Bh4 d5 4. f3 Nd6 5. Nc3 g6 6. e4 c6 7. Qd2 Bg7 8. O-O-O
O-O 9. Kb1 a5 10. Bg5 Na6 11. h4 Nc7 12. h5 dxe4 13. fxe4 Bg4 14. Be2 Bxe2 15.
Ngxe2 Nc4 16. Qd3 Ne6 17. Bc1 b5 18. hxg6 fxg6 19. Qh3 Rf6 20. e5 Rf5 21. Ng3
Ng5 22. Bxg5 Rxg5 23. Qxh7+ Kf7 24. Rhf1+ 1-0

[Event "7. Lovsprings EMT Basis 1 1995"]
[Site "Ringsted"]
[Date "1995.03.24"]
[Round "3"]
[White "Lindskov, Villy"]
[Black "Kronow, Jacob"]
[Result "0-1"]
[WhiteElo "1760"]
[BlackElo "1752"]
[PlyCount "126"]
[EventDate "1995.??.??"]

1. e4 c5 2. Nf3 d6 3. d4 cxd4 4. Nxd4 Nf6 5. Nc3 g6 6. f3 Bg7 7. Be3 O-O 8. Qd2
Nc6 9. O-O-O Bd7 10. g4 Rc8 11. h4 h5 12. g5 Ne8 13. Nxc6 bxc6 14. Bd4 Rb8 15.
Bxg7 Nxg7 16. Bc4 Be6 17. Bxe6 Nxe6 18. f4 Qa5 19. Rhf1 Nc5 20. b3 Qa3+ 21. Kb1
Rb4 22. Rde1 Rfb8 23. Qc1 Qa5 24. Qb2 Qc7 25. Re3 a5 26. Kc1 a4 27. a3 R4b7 28.
b4 Na6 29. Na2 c5 30. Qc3 cxb4 31. axb4 Nxb4 32. Nxb4 Qxc3 33. Rxc3 Rxb4 34.
Re1 Rb1+ 35. Kd2 Rxe1 36. Kxe1 Rb4 37. Re3 Rb1+ 38. Kf2 Ra1 39. Rc3 a3 40. Kg2
e6 41. Rc8+ Kg7 42. Ra8 f5 43. exf5 exf5 44. Ra6 a2 45. c4 Kf7 46. Ra7+ Ke8 47.
Kh2 Kd8 48. Kg2 Kc8 49. Kh2 Kb8 50. Ra4 Kb7 51. Kg2 Kc6 52. Kh2 Kc5 53. Kg2 Kd4
54. Kh2 Ke3 55. Kg2 Ke2 56. Ra3 Kd2 57. Ra5 Kc3 58. Ra8 Kxc4 59. Rc8+ Kd4 60.
Ra8 d5 61. Ra4+ Ke3 62. Kh2 d4 63. Kg2 d3 0-1

[Event "7. Lovsprings EMT Basis 1 1995"]
[Site "Ringsted"]
[Date "1995.03.24"]
[Round "3"]
[White "Olsen, Morten Henrik"]
[Black "Jorgensen, Gert"]
[Result "0-1"]
[WhiteElo "1749"]
[BlackElo "1866"]
[PlyCount "62"]
[EventDate "1995.??.??"]

1. e4 c5 2. Nf3 d6 3. d4 cxd4 4. Nxd4 Nf6 5. Nc3 g6 6. Bc4 Bg7 7. f3 Qb6 8. Bb3
Nxe4 9. fxe4 Qxd4 10. Qxd4 Bxd4 11. Nd5 Na6 12. c3 Be5 13. O-O Be6 14. Be3 f5
15. exf5 Bxf5 16. Bg5 e6 17. Ba4+ Kf7 18. g4 exd5 19. gxf5 gxf5 20. Rxf5+ Ke6
21. Raf1 Rhg8 22. Kh1 Nc5 23. Bc2 Rg7 24. Bh6 Rg6 25. Rh5 Ne4 26. Be3 h6 27.
Rh4 Rag8 28. Bxe4 dxe4 29. Rxh6 Rxh6 30. Bxh6 Rh8 31. Bf4 Rf8 0-1

[Event "7. Lovsprings EMT Basis 1 1995"]
[Site "Ringsted"]
[Date "1995.03.24"]
[Round "3"]
[White "Rasmussen, Henning"]
[Black "Alstrup, Thomas"]
[Result "1/2-1/2"]
[WhiteElo "1765"]
[BlackElo "1711"]
[PlyCount "133"]
[EventDate "1995.??.??"]

1. e4 d6 2. d4 Nf6 3. Nc3 c6 4. Be2 Qa5 5. Bd2 Qb6 6. Nf3 Bg4 7. O-O Bxf3 8.
Bxf3 Qxd4 9. Qe2 Nbd7 10. Be3 Qb4 11. a3 Qa5 12. b4 Qc7 13. Na2 g6 14. Bd4 Bg7
15. c4 Ne5 16. Bxe5 dxe5 17. Nc3 O-O 18. Rfd1 Rfd8 19. Qe3 a6 20. a4 Rd7 21.
Rxd7 Nxd7 22. a5 Rd8 23. Rd1 Nf8 24. Rxd8 Qxd8 25. Na4 Ne6 26. h3 Qd6 27. Qb6
Qd4 28. Qxd4 exd4 29. Bg4 Nf4 30. Nc5 d3 31. Nxb7 Bd4 32. Nd8 h5 33. Bf3 Be5
34. Nxc6 Bc7 35. Nxe7+ Kf8 36. Nd5 Nxd5 37. exd5 Ke7 38. Kf1 Bd6 39. b5 axb5
40. cxb5 Kd7 41. Be4 d2 42. Ke2 Kc7 43. Kxd2 Bb4+ 44. Kd3 Bxa5 45. Kc4 Kd6 46.
f4 f5 47. Bf3 h4 48. Bd1 Bb6 49. Ba4 Kd7 50. Kd3 Kd6 51. Bb3 Bc7 52. Ke2 Kc5
53. Kf3 Kxb5 54. d6 Bxd6 55. Bf7 Kc6 56. Bxg6 Kd7 57. Bxf5+ Ke8 58. Kg4 Be7 59.
Be6 Kf8 60. g3 hxg3 61. Kxg3 Bd6 62. Kg4 Bxf4 63. Kxf4 Kg7 64. Kg5 Kh8 65. Kf6
Kh7 66. Kf7 Kh8 67. Kg6 1/2-1/2

[Event "7. Lovsprings EMT Basis 1 1995"]
[Site "Ringsted"]
[Date "1995.03.31"]
[Round "4"]
[White "Alstrup, Thomas"]
[Black "Jensen, Karsten"]
[Result "0-1"]
[WhiteElo "1711"]
[BlackElo "1792"]
[PlyCount "50"]
[EventDate "1995.??.??"]

1. g3 Nf6 2. Bg2 d5 3. Nf3 c5 4. c4 d4 5. d3 Nc6 6. Bd2 a5 7. b3 e5 8. O-O h6
9. Be1 Bd6 10. Na3 Bg4 11. h3 Be6 12. Nc2 Qd7 13. Kh2 g5 14. Nd2 h5 15. Ne4
Nxe4 16. dxe4 f5 17. exf5 Bxf5 18. Bd2 h4 19. g4 e4+ 20. Kg1 Bxg4 21. hxg4 h3
22. f3 hxg2 23. Kxg2 Rh2+ 24. Kg1 Qh7 25. Bxg5 Rg2+ 0-1

[Event "7. Lovsprings EMT Basis 1 1995"]
[Site "Ringsted"]
[Date "1995.03.31"]
[Round "4"]
[White "Birk, Birger"]
[Black "Askgaard, Jens"]
[Result "0-1"]
[WhiteElo "1717"]
[BlackElo "1885"]
[PlyCount "68"]
[EventDate "1995.??.??"]

1. d4 d5 2. Nf3 Nf6 3. e3 Bf5 4. c4 c6 5. Qb3 Qc7 6. Nc3 e6 7. Bd2 Bd6 8. Rc1
a6 9. Be2 Nbd7 10. h3 h6 11. O-O O-O 12. Nh4 Bh7 13. f4 Ne4 14. Nxe4 dxe4 15.
g4 g5 16. Ng2 Rae8 17. Qc3 f5 18. b4 Nf6 19. Qb3 Qe7 20. Rc2 Bb8 21. a4 Bg6 22.
b5 Qc7 23. bxa6 bxa6 24. Rb1 fxg4 25. hxg4 h5 26. Qb6 Qh7 27. Qxc6 hxg4 28. Kf2
Qh2 29. Bf1 gxf4 30. Rcb2 f3 31. Rxb8 fxg2 32. Bxg2 Nd5+ 33. Ke1 Qg1+ 34. Ke2
Rf2# 0-1

[Event "7. Lovsprings EMT Basis 1 1995"]
[Site "Ringsted"]
[Date "1995.03.31"]
[Round "4"]
[White "Hansen, Jens Hjort"]
[Black "Haar, Bjarne"]
[Result "0-1"]
[WhiteElo "1844"]
[BlackElo "1844"]
[PlyCount "58"]
[EventDate "1995.??.??"]

1. d4 d5 2. Nf3 e6 3. g3 c5 4. Bg2 Nf6 5. c4 Nc6 6. cxd5 exd5 7. O-O Be6 8. a3
b6 9. Nc3 Be7 10. Bd2 O-O 11. Rc1 Rc8 12. Qa4 Ne4 13. Nb5 Qd7 14. Bf4 Na5 15.
Ne5 Qe8 16. Bxe4 dxe4 17. dxc5 Bxc5 18. Qxe4 Qxb5 19. b4 Nb3 20. bxc5 Nxc1 21.
Rxc1 Rxc5 22. Rb1 Qa6 23. Rd1 Qxa3 24. Nf3 Qb3 25. Rd4 Bf5 26. Qb7 Bh3 27. Qe4
Rfc8 28. Ne1 Rc4 29. f3 Qc3 0-1

[Event "7. Lovsprings EMT Basis 1 1995"]
[Site "Ringsted"]
[Date "1995.03.31"]
[Round "4"]
[White "Jensen, Agner"]
[Black "Hansen, Morten Lyck"]
[Result "1-0"]
[WhiteElo "1706"]
[BlackElo "1784"]
[PlyCount "99"]
[EventDate "1995.??.??"]

1. e4 c5 2. Nf3 d6 3. d4 cxd4 4. c3 Nf6 5. Qxd4 Nc6 6. Qe3 g6 7. Bc4 Bg7 8. O-O
O-O 9. Re1 Ng4 10. Qe2 Nge5 11. Nxe5 Nxe5 12. Bb3 Qc7 13. Bf4 a5 14. a4 b6 15.
Nd2 Ba6 16. Qe3 Nd3 17. Reb1 Nxf4 18. Qxf4 Bb7 19. Nf3 Rad8 20. Rd1 Qc5 21. Rd3
e6 22. Rad1 Rd7 23. Rxd6 Rxd6 24. Qxd6 Bxe4 25. Qxc5 bxc5 26. Nd2 Bd3 27. Nc4
Bxc4 28. Bxc4 Bf6 29. Kf1 Rd8 30. Rxd8+ Bxd8 31. Ke2 Kf8 32. Kd3 Ke7 33. Bb5
Kd6 34. Kc4 Bb6 35. Be8 f6 36. f3 e5 37. Kb5 Kc7 38. Bf7 Kb7 39. g4 f5 40. h3
fxg4 41. hxg4 g5 42. Bd5+ Kc7 43. Be4 h6 44. b3 c4 45. Kxc4 Bf2 46. Kb5 Be1 47.
Kxa5 Bxc3+ 48. b4 Kb8 49. Kb5 Ka7 50. Kc5 1-0

[Event "7. Lovsprings EMT Basis 1 1995"]
[Site "Ringsted"]
[Date "1995.03.31"]
[Round "4"]
[White "Olsen, Morten Henrik"]
[Black "Lindskov, Villy"]
[Result "1-0"]
[WhiteElo "1749"]
[BlackElo "1760"]
[PlyCount "65"]
[EventDate "1995.??.??"]

1. e4 c5 2. Nf3 d6 3. d4 cxd4 4. Nxd4 Nf6 5. Nc3 e6 6. Bg5 Be7 7. Bc4 a6 8. f4
Qc7 9. Bb3 Nc6 10. Nde2 b5 11. Ng3 Bb7 12. f5 e5 13. Bxf6 Bxf6 14. Nd5 Qa5+ 15.
c3 O-O-O 16. Nxf6 gxf6 17. Bxf7 Ne7 18. O-O d5 19. Qb3 Qb6+ 20. Kh1 Rd6 21.
exd5 Bxd5 22. Bxd5 Rxd5 23. c4 Rd7 24. Rac1 Kb8 25. c5 Qc6 26. Qe6 Rf8 27. b4
Kb7 28. Rcd1 Nd5 29. Ne4 Kc7 30. a3 Nf4 31. Rxd7+ Qxd7 32. Qb6+ Kc8 33. Nd6+
1-0

[Event "7. Lovsprings EMT Basis 1 1995"]
[Site "Ringsted"]
[Date "1995.03.31"]
[Round "4"]
[White "Rasmussen, Henning"]
[Black "Jorgensen, Gert"]
[Result "1-0"]
[WhiteElo "1765"]
[BlackElo "1866"]
[PlyCount "89"]
[EventDate "1995.??.??"]

1. e4 c5 2. d4 cxd4 3. c3 dxc3 4. Nxc3 Nc6 5. Nf3 d6 6. Bc4 Nf6 7. e5 dxe5 8.
Qxd8+ Nxd8 9. Nb5 Rb8 10. Nxe5 e6 11. Nc7+ Ke7 12. O-O Nd7 13. Bf4 Nxe5 14.
Bxe5 Nc6 15. Bg3 Bd7 16. Rfe1 Rc8 17. Rad1 g5 18. Nd5+ Kd8 19. Nf6 Ke7 20. Nxd7
Bg7 21. Bd6+ Ke8 22. Bb5 Bxb2 23. Ne5 Bxe5 24. Bxe5 Rg8 25. Rc1 Ke7 26. Bxc6
Rxc6 27. Rxc6 bxc6 28. Rb1 Rd8 29. Rb7+ Ke8 30. Rb8 Rxb8 31. Bxb8 a6 32. Kf1
Kd7 33. Ke2 c5 34. Kd3 f5 35. Kc4 Kc6 36. Ba7 h5 37. Bxc5 f4 38. f3 g4 39. fxg4
hxg4 40. h4 gxh3 41. gxh3 f3 42. h4 Kd7 43. Kd3 e5 44. Ke4 Kc6 45. Bf2 1-0

[Event "7. Lovsprings EMT Basis 1 1995"]
[Site "Ringsted"]
[Date "1995.03.31"]
[Round "4"]
[White "Sorensen, Rasmus Moller"]
[Black "Kronow, Jacob"]
[Result "1-0"]
[WhiteElo "1738"]
[BlackElo "1752"]
[PlyCount "65"]
[EventDate "1995.??.??"]

1. e4 g6 2. d4 d6 3. f4 Bg7 4. Nf3 Nf6 5. Bd3 O-O 6. c3 c5 7. O-O Nbd7 8. Kh1
Ne8 9. f5 cxd4 10. fxg6 hxg6 11. Nxd4 Nc5 12. b4 Nxd3 13. Qxd3 Nf6 14. Be3 Ng4
15. Nd2 Bd7 16. h3 Nxe3 17. Qxe3 a5 18. a3 Rc8 19. Rac1 Qc7 20. N2f3 Qb6 21.
Qg5 axb4 22. axb4 Bf6 23. Qh6 Bg7 24. Qh4 Bf6 25. Ng5 Bxg5 26. Qxg5 e6 27. Rf4
e5 28. Rh4 Qd8 29. Qh6 Qxh4 30. Qxh4 exd4 31. Qf6 Rxc3 32. Rf1 Re8 33. Qxf7+
1-0

[Event "7. Lovsprings EMT Basis 1 1995"]
[Site "Ringsted"]
[Date "1995.04.28"]
[Round "5"]
[White "Askgaard, Jens"]
[Black "Bruun, Erling"]
[Result "1-0"]
[WhiteElo "1885"]
[BlackElo "1859"]
[PlyCount "87"]
[EventDate "1995.??.??"]

1. d4 g6 2. c4 Bg7 3. Nc3 d6 4. g3 Nf6 5. Bg2 O-O 6. Nf3 Nbd7 7. O-O e5 8. e3
Re8 9. b3 c6 10. Bb2 exd4 11. Nxd4 Ne5 12. Qd2 Be6 13. Nxe6 fxe6 14. Ne2 Nf7
15. h3 d5 16. cxd5 exd5 17. Rad1 Ng5 18. Qc2 Nge4 19. b4 a6 20. Nd4 Qe7 21. Qb3
Nd6 22. a4 Nc4 23. Bc1 Ne4 24. b5 axb5 25. axb5 Rac8 26. Qd3 Qg5 27. bxc6 bxc6
28. f4 Qxg3 29. Rf3 Qh4 30. Nxc6 Rxc6 31. Qxd5+ Ree6 32. f5 Rcd6 33. Qa8+ Bf8
34. Rxd6 Rxd6 35. fxg6 Rd1+ 36. Kh2 Rd8 37. gxh7+ Kg7 38. h8=Q+ Qxh8 39. Qxe4
Bd6+ 40. Kh1 Ne5 41. Bb2 Qh5 42. Rf5 Qd1+ 43. Kh2 Rf8 44. Bxe5+ 1-0

[Event "7. Lovsprings EMT Basis 1 1995"]
[Site "Ringsted"]
[Date "1995.04.28"]
[Round "5"]
[White "Haar, Bjarne"]
[Black "Larsen, Bjorn"]
[Result "0-1"]
[WhiteElo "1844"]
[BlackElo "1881"]
[PlyCount "58"]
[EventDate "1995.??.??"]

1. d4 f5 2. Nf3 Nf6 3. g3 g6 4. Bg2 Bg7 5. c3 O-O 6. Bg5 d6 7. Qc1 Nc6 8. h4
Ng4 9. d5 Nce5 10. Nd4 Qe8 11. f3 Nf6 12. Nd2 Nxd5 13. f4 Ne3 14. fxe5 Nxg2+
15. Kf1 h6 16. Kxg2 dxe5 17. Nxf5 gxf5 18. Be3 f4 19. Bf2 e4 20. gxf4 Rxf4 21.
Nf1 Qg6+ 22. Ng3 Be5 23. h5 Qg7 24. Bd4 Rg4 25. Bxe5 Qxe5 26. Qe3 Be6 27. Raf1
Kh7 28. Rfg1 Rxg3+ 29. Qxg3 Rg8 0-1

[Event "7. Lovsprings EMT Basis 1 1995"]
[Site "Ringsted"]
[Date "1995.04.28"]
[Round "5"]
[White "Holst, Peter Stein"]
[Black "Kronow, Jacob"]
[Result "1/2-1/2"]
[WhiteElo "1806"]
[BlackElo "1752"]
[PlyCount "58"]
[EventDate "1995.??.??"]

1. e4 c5 2. Nf3 d6 3. d4 cxd4 4. Nxd4 Nf6 5. Nc3 g6 6. Be3 Bg7 7. f3 O-O 8. Bc4
Nc6 9. Qd2 Bd7 10. O-O-O Rc8 11. Bb3 Ne5 12. h4 h5 13. Rdg1 Nc4 14. Bxc4 Rxc4
15. g4 Qa5 16. gxh5 Nxh5 17. Rg5 Rc5 18. Nb3 Bxc3 19. bxc3 Qa3+ 20. Kb1 Rxg5
21. Bxg5 Re8 22. Rd1 Be6 23. Qd3 f6 24. Bc1 Qa4 25. Rg1 Kf7 26. f4 Qc4 27. Qf3
f5 28. e5 Bd5 29. Qd3 dxe5 1/2-1/2